VIII Censo de población y IV de vivienda; Vivienda, Departamentos / Regiones Autónomas

Bibliographic Details
Main Author: Nicaragua. Instituto Nacional de Información de Desarrollo  
Format: Section = Libro
Language:Undetermined
Spanish
Published: Managua INEC 2007
Edition:8a.ed.
Subjects:
LEADER 00684nam a2200205Ia 4500
008 241007s9999||||xx |||||||||||||| ||und||
040 |a BIBLIOTECA-RURC/ 312 N583 
041 |a spa 
082 |a 312 N583 
100 1 |a Nicaragua. Instituto Nacional de Información de Desarrollo   
245 1 0 |a VIII Censo de población y IV de vivienda; Vivienda, Departamentos / Regiones Autónomas 
250 |a 8a.ed. 
260 |a Managua  |b INEC  |c 2007 
300 |a 317 p. :il. 
650 7 |a VIVIENDA Y POBLACIÓN POR AREA DE RESIDENCIA 
650 7 |b  VIVIENDAS PARTICULARES OCUPADAS 
650 7 |c  VIVIENDAS OCUPADAS POR MATERIAL DE LAS PAREDES 
942 |c BK  |2 ddc 
991 |a TEXTO 
999 |c 14267